| 000 | 01222nmm a2200373 a 4500 | ||
|---|---|---|---|
| 001 | ocm000588693 | ||
| 003 | TR-IsHL | ||
| 005 | 20201028120853.0 | ||
| 008 | 130627s2010 tu tur | ||
| 007 | cr cn | ||
| 020 | _a9789944607254 | ||
| 035 |
_a588693 _b(N$T) |
||
| 050 | 0 | 4 |
_aHD30.3 _b.D35 2010 |
| 090 | 0 | 4 |
_aHD30.3 _b.D35 2010 |
| 100 | 1 | _aDal, Vedat | |
| 245 | 1 | 0 |
_aHazır giyim işletmelerinde kurum kültürünün işletme verimliliğine etkisi _h[electronic resource] / _cVedat Dal |
| 250 | _a1. bs. | ||
| 260 |
_aİstanbul : _bİstanbul Ticaret Üniversitesi, _c2010 |
||
| 300 | _a240 p. | ||
| 650 | 4 | _aEkonomi ve Finans | |
| 650 | 4 | _aEconomics and Finance | |
| 650 | 0 | _aGiyim ticareti | |
| 650 | 0 | _aTextile industry | |
| 650 | 0 | _aTekstil endüstrisi | |
| 650 | 0 | _aClothing factories | |
| 650 | 0 | _aİletişim, Örgütlerde | |
| 650 | 0 | _aCommunication in organizations | |
| 650 | 0 | _aÖrgütsel davranış | |
| 650 | 0 | _aOrganizational behavior | |
| 650 | 0 | _aPersonel yönetimi | |
| 650 | 0 | _aPersonnel management | |
| 650 | 7 |
_aBUSINESS & ECONOMICS / Workplace Culture _2bisacsh |
|
| 856 | 4 | 0 | _uhttp://search.ebscohost.com/login.aspx?direct=true&scope=site&db=e011xww&AN=588693 |
| 999 |
_c1017 _d1017 |
||